A professional and practitioner's guide to public relations research, measurement, and evaluation /

Bibliographic Details
Main Authors: Michaelson, David (Author), Stacks, Don W. (Author)
Corporate Author: Ebook Library
Format: eBook
Language:English
Published: New York, NY : Business Expert Press, 2014.
Edition:Second edition.
Series:Public relations collection.
Subjects:
Online Access:Connect to the full text of this electronic book

MARC

Tag First Indicator Second Indicator Subfields
LEADER 00000cam a22000001i 4500
001 in00003536617
006 m |o d |
007 cr |n|||||||||
008 150120s2014 nyu ob 001 0 eng d
005 20250816210045.7
020 |a 9781606499856 (electronic bk.) 
020 |a 1606499858 (electronic bk.) 
020 |z 160649984X 
020 |z 9781606499849 
035 |a (NhCcYBP)ebl1685396 
040 |a NhCcYBP  |c NhCcYBP  |d UtOrBLW 
050 4 |a HM1221  |b .S726 2014 
100 1 |a Michaelson, David,  |e author. 
245 1 2 |a A professional and practitioner's guide to public relations research, measurement, and evaluation /  |c David Michaelson and Don W. Stacks. 
250 |a Second edition. 
264 1 |a New York, NY :  |b Business Expert Press,  |c 2014. 
300 |a 1 online resource. 
336 |a text  |b txt  |2 rdacontent 
337 |a computer  |b c  |2 rdamedia 
338 |a online resource  |b cr  |2 rdacarrier 
490 1 |a Public relations collection 
500 |a First edition had Don W. Stacks name first. 
504 |a Includes bibliographical references and index. 
505 0 |a Introduction to public relations research, measurement, and evaluation. Introduction to research and evaluations in public relations -- The move toward standardization -- The business of public relations -- Measuring public relations outcomes -- Qualitative methods for effective public relations research, measurement and evaluation. Secondary research -- Qualitative research methodologies -- Content analysis -- Quantitative methods. Survey methodology -- Statistical reasoning -- Sampling -- Wrapping up. The application of standards and best practices in research and evaluation for public relations -- Appendix : Dictionary of public relations measurement and research. 
588 |a Description based on print version record. 
500 |a Electronic resource. 
650 0 |a Public relations  |x Research. 
650 0 |a Public relations  |x Evaluation. 
655 7 |a Electronic books.  |2 local 
700 1 |a Stacks, Don W.,  |e author. 
710 2 |a Ebook Library. 
776 1 8 |c Original  |z 160649984X  |z 9781606499849 
830 0 |a Public relations collection. 
856 4 0 |u https://ebookcentral.proquest.com/lib/tamucs/detail.action?docID=1685396  |y Connect to the full text of this electronic book  |t 0 
955 |a YBP purchased approval e-records 
980 |b 100.00  |g 1 
987 |a ybp11806486 
999 f f |s 4c3cc74c-88c4-3d53-8985-b026f53a7c35  |i 81606adc-2da1-3c4e-a7dc-b418664dbe30  |t 0 
999 |a MARS 
952 f f |a Texas A&M University  |b College Station  |c Electronic Resources  |d Available Online  |t 0  |e HM1221 .S726 2014  |h Library of Congress classification 
998 f f |a HM1221 .S726 2014  |t 0  |l Available Online